000 00654nam a2200229Ia 4500
003 OSt
005 20220928102633.0
006 a|||||r|||| 00| 0
007 ta
008 220927b |||||||| |||| 00| 0 eng d
024 _a40509
037 _cTextual
040 _aSDCL
_cSDCL
_beng
041 _2eng
_aeng
082 _aO152,1:g(P:75), M7
100 _aVaatsyaayan Sachchidanand Ed.
_9399520
245 0 _aSamkaleen kavita mein chhand.
260 _aNew Delhi
_bNational Publishing House
_c1987
300 _a171p.
_ccm.
942 _hO152,1:g(P:75), M7
_cTEXL
_2CC
999 _c715383
_d715383